Agricultura mundial : hacia los años 2015/2030 : informe resumido /

Informe donde se evalúan las perspectivas a largo plazo y de escala mundial para el abastecimiento de alimentos, la nutrición y la agricultura, incluídas la pesca y la silvicultura. En él también se estudian las repercusiones en la oferta y la demanda futura sobre los recursos naturales y analiza la...

תיאור מלא

שמור ב:
מידע ביבליוגרפי
מחבר תאגידי: FAO
פורמט: ספר
שפה:ספרדית
יצא לאור: Roma, Italia : FAO, 2002, c2002
נושאים:
תגים: הוספת תג
אין תגיות, היה/י הראשונ/ה לתייג את הרשומה!

MARC

LEADER 00000nam^a2200000^a^4500
001 000183430
005 20250521000000.0
009 20260310102041.228
020 |a 92-5-304761-5 
037 |a Acervo ITESO - Biblioteca 
041 |a ESP 
082 |a 338. 1  |b FAO 
110 |a FAO 
245 1 3 |a Agricultura mundial :  |b hacia los años 2015/2030 : informe resumido /  |c FAO ; pref. de Jacques Diouf. 
264 4 |a Roma, Italia :  |b FAO,  |c 2002, c2002 
300 |a X, 97 p. 
336 |a texto  |b txt  |2 rdacontenido 
337 |a sin mediación  |b n  |2 rdamedio 
338 |a volumen  |b nc  |2 rdasoporte 
520 |a Informe donde se evalúan las perspectivas a largo plazo y de escala mundial para el abastecimiento de alimentos, la nutrición y la agricultura, incluídas la pesca y la silvicultura. En él también se estudian las repercusiones en la oferta y la demanda futura sobre los recursos naturales y analiza la manera en que la tecnología puede contribuir a fomentar un desarrollo sustentable. 
649 |a XX 
650 |a FAO -  |x Informes 
650 |a Abasto de Alimentos 
650 |a Nutrición 
650 |a Agricultura 
650 |a Pesca 
650 |a Silvicultura 
650 |a Recursos Naturales -  |x Aspectos Económicos 
650 |a Impacto Ambiental 
650 |a Desarrollo Tecnológico 
650 |a Desarrollo Sustentable 
650 |a Economía de la Tierra 
910 |a Fondo General 
920 |a Impresos - Libros 
930 |a Colección General 
905 |a 101 
901 |a 0500123647  |b IT1  |c ACC  |u 20250521 
902 |a https://opac.biblio.iteso.mx/vufind/Record/000183430